000 00532pam a2200169 a 4500
020 _a0-7923-8177-7
_cHARD BOND
041 _aeng
082 _a005.74
_bCRE/LAL
100 _aCRESTANI F., LALMAS M., VAN RIJSBERGEN
245 _aINFORMATION RETRIEVAL UNCERTAINITY AND LOGICS ADVANCE MODELS FOR THE REPRESENT
_hTextual Documents
250 _a01-01-1998
260 _bKULWER ACADEMIC PUBLISHERS, MASSACHUSETTS U.S.A.
300 _aXXI/323
_c24*16
500 _a13247
653 _aINFORMATION RETRIEVAL (B.E.-II)
930 _a12776
999 _c55998
_d55998